Statistiques concernant Musique des années 70 100 questions progressives

Cliquez ici pour prendre le quiz!

Statistiques générales

  • Ce quiz a été pris 51 fois
  • Le résultat moyen est 19 sur 100

Statistiques - réponses

%QuestionRéponse% Correct
1En 1970, Mike Brant chante "Laisse-moi..."t'aimer
100%
2Qui chante "Mille colombes" en 1978 ? (prénom et nom)Mireille Mathieu
83%
3Cet inoubliable interprète de Mexico s'éteint le 14 juillet 1970. (prénom et nom)Luis Mariano
68%
4Quel volatile évoque Barbara en 1970 ?Aigle
65%
11Cette année-là, le chanteur des Doors nous quitte1971
43%
5Cette année-là, la rupture est consommée entre les 4 garçons dans le vent1970
38%
24La maman de la tribu arc-en-ciel nous quitte en1975
35%
56Le King meurt cette année-là1977
33%
17Quel groupe chante "Stayin' alive" en 1978 ?Bee Gees
33%
19Il nous a appris la tactique du gendarme avant de s'éteindre en 1970Bourvil
33%
67Idole, chanteur, danseur, perfectionniste jusqu'à en mourir, il nous quitte en 1978Claude François
33%
12En 1976, Dalida reprend cette chanson de Rina KettyJ'attendrai
33%
14Bohemian Rhapsody est un tube de 1976 deQueen
33%
13Quel objet pleure pour Claude François en 1974 ?Téléphone
33%
18Quelle ville canadienne chante Véronique Sanson en 1976 ?Vancouver
33%
21En 1974, Dave popularise un prénom, lequel ?Vanina
33%
20Qui chante Y.M.C.A. en 1978 ?Village people
33%
16En 1971, Michel Delpech est prêt à tout pour unflirt
30%
6Que laissent Sheila et Ringo à Venise en 1973 ?Gondoles
30%
15En 1970, Polnareff nous rassure sur lui en chantant :Je suis un homme
30%
10Nino Ferrer chante en 1975 Le Nord ou Le SudLe Sud
30%
9En 1975, Joe Dassin fait connaitre cette saison "qui n'existe qu'en Amérique"L'été indien
30%
25Quelle chanson de Nicoletta de 1971 deviendra un tube international ?Mamy Blue
30%
7En 1974, Daniel Guichard évoque son père dansMon vieux
30%
28Qui connait un succès international avec "Ca plane pour moi" en 1978 ? (prénom et nom)Plastic Bertrand
30%
8En 1974; ABBA connait son 1er grand succès avecWaterloo
30%
27Qui est "bidon" en 1976 ?Alain Souchon
28%
29L'album de cet opéra rock est disque de diamant en 1978Starmania
28%
30Un morceau de trompette joué par Jean-Claude Borelly est une des meilleure vente de disques de 1975, quel est son titre ?Dolannes mélodie
25%
50Il chantait "Aujourd'hui peut-être" en 1946 et meurt 30 ans plus tardFernand Sardou
25%
26En 1970, qu'est-ce qui tombe sur Sacha Distel sans cependant paraître attendre son moral... Toute la...Pluie
25%
37Qui chante "Du côté de chez Swan" en 1975 ?Dave
23%
49Qui chante "Hotel California" en 1977 ?Eagles
23%
48Qui connait le succès en 1976 avec Rockcollection ? (prénom et nom)Laurent Voulzy
23%
39Qui chante "Born to be alive" en 1979 ? (prénom et nom)Patrick Hernandez
23%
36Elle se demande qui fait pleurer les blondes en 1976Sylvie Vartan
23%
38Qui chante "Angie" en 1973 ?The Rolling Stones
23%
34Qui chante avec Dalida en 1970 "Paroles, paroles" (prénom et nom)Alain Delon
20%
42Il chantait "Ne me quitte pas" mais nous laisse en 1978 (prénom et nom)Jacques Brel
20%
60Michel Sardou fait ses adieux à ce paquebot en 1975 dansLe France
20%
35Gloria Gaynor chante en 1979 "I will..."survive
20%
43Quelle chanson se termine par "C'est une romance d'aujourd'hui" ?Une belle histoire
20%
59Dans les années 70, Michel Fugain chante avec un groupe appelé leBig bazar
18%
32En 1975, Annie Cordy amuse la France avec sa bonne ducuré
18%
33En 1970, Simon and Garfunkel chantent en espagnolEl condor pasa
18%
69Michel Sardou nous informe en 1970 qu'il habite enFrance
18%
31Ce formidable guitariste abandonne ses fans en 1970Jimi Hendrix
18%
45En 1970, Michel Sardou connait son premier succès avecLes bals populaires
18%
44Le double album le plus vendu dans le monde depuis sa sortie est celui appelé The Wall du groupePink Floyd
18%
40Quel groupe chante en 1971 "Non, non, rien n'a changé"Poppys
18%
70Quel aventurier est évoqué dans Gentleman-cambrioleur par Jacques Dutronc en 1974 ? (prénom et nom)Arsène Lupin
15%
22Julio Iglésias es disque de diamant en 1978 pour la chansonA vous les femmes
15%
46En 1972, Charles Aznavour lance un pavé dans la mare avec une chanson évoquant clairement l'homosexualité titréeComme ils disent
15%
58Comment se nomme le groupe qui chante "J'ai encore rêvé d'elle" en 1975Il était une fois
15%
41Elle meurt à 27 ans en 1970 d'une overdoseJanis Joplin
15%
47En 1973, Serge Lama obtient un disque de platine avec l'albumJe suis malade
15%
57A qui Jean-François Michaël dit-il "Adieu" en 1970Jolie Candy
15%
52En 1973, le 1er opéra-rock français est présenté au Palais des sports, quel est son titre ?La Révolution française
15%
51Quelle chanson d'un couple commence en 1971 par "C'est la musique qui nous fait vivre tous les deux"L'avventura
15%
71Marie Myriam remporte l'Eurovision en 1977 avecL'oiseau et l'enfant
15%
23Johnny Hallyday et Sylvie Vartan chantent ensemble en 1973 : "J'ai..."un problème
13%
61Quel groupe chante "Save your kisses for me" en 1976Brotherhood of man
10%
64Qui cherche Patrick Juvet en 1977 ?Femmes
10%
63Qui chante "Never can say goodbye" en 1974 ?Gloria Gaynor
10%
73Quelle danse chante Michel Sardou, même si ce n'est pas "la vraie de vraie" en 1977Java
10%
62En 1972, Patrick Juvet se fait connaitre avec sa chanson...La Musica
10%
72Que chante Chic en 1979 ?Le Freak
10%
66Qui les Charlots remercient-ils en 1971 ? Leur...patron
10%
65Où s'éclatent les Martin Circus en 1972 ?Sénégal
10%
74Qui chante "Roxanne" en 1979 ?The Police
10%
82Qui chante Fame en 1975 ?David Bowie
5%
76"Porque te vas" est chante en 1976 parJeanette
5%
53Francis Cabrel connait son 1er succès en 1979 avecJe t'aime à mourir
5%
78Dalida chante un succès disco en 1979, quel est son titre exact ?Laissez-moi danser
5%
89Le créateur de "Ma pomme" nous quitte le 1er janvier 1972, c'est (prénom et nom)Maurice Chevalier
5%
54Qui chante "C'est ma prière" en 1972 ? (prénom et nom)Mike Brant
5%
75Qui chante "Un banc, un arbre, une rue" en 1971Séverine
5%
55Qui chante "Superstition" en 1973 ?Stevie Wonder
5%
68Qui connait le succès avec "Pop corn" ?Anarchic System
3%
86"Ring my bell" est une chanson de 1979 de (prénom et nom)Anita Ward
3%
79Michel Sardou évoque sa mère en 1974 dans "Une fille..."aux yeux clairs
3%
96Il a chanté "Aragon et Castille" et "Ta Katie t'a quitté" avant de nous quitter lui aussi en 1972 (prénom et nom)Boby Lapointe
3%
87Qui chante "Daddy cool" en 1976 ?Boney M
3%
84Qui chante "Kiss me" en 1972 ?C. Jérôme
3%
98Elle a chanté "Les Goélands", "Sombre dimanche" et "Le grand frisé" avant de disparaitre en 1978Damia
3%
88Qui chante "Bad girls" en 1979 ? (prénom et nom)Donna Summer
3%
94Comment est le coeur de Laurent Voulzy en 1979 ?Grenadine
3%
85John Lennon chante en 1971 une chanson devenue incontournable, son titre ?Imagine
3%
77Que chantent les Village people en 1979 ?In the Navy
3%
92En 1976, Michel Sardou suscite la polémique avec "J'accuse", "Le temps des colonies" et surtoutJe suis pour
3%
80Quel est le titre du dernier album de Jacques Brel, succès de 1977Les Marquises
3%
91Succès populaire, qui sort la chanson A la pêche aux moules en disque en 1976 ?Nestor
3%
95Quelle parodie chantent Sim et Patrick Topaloff en 1979 ?Où est ma chemise grise ?
3%
100Queen chante en 1978 "We will..."rock you
3%
83Quel prénom désuet chante Carlos en 1979 ?Rosalie
3%
81
En 1976, Il était une fois nous invite à aller faire un tour...
sous la pluie
3%
90Qui chante Eve en 1979 ?The Alan Parsons project
3%
99Qui chante "Video killed the radio star"The Buggles
3%
97Qui sort l'album "Get the Knack" en 1979 ?The Knack
3%
93Qui chante "Ti amo" en 1977 ? (prénom et nom)Umberto Tozi
3%

Distribution des résultats

Percentile par nombre de réponses

% des personnes avec chaque résultat

Votre développement - résultats

Vous n’avez pas pris ce quiz